000 00620aas a2200181 4500
999 _c61058
_d61058
001 768714001
003 CO-MdFUSB
005 20170829153647.0
008 170829s2005 xxu||||| |||| 00| 0 eng d
022 _a0120-3649
040 _aCO-MdFUSB
_bspa
_cCO-MdFUSB
_dCO-MdFUSB
041 _aeng
100 1 _aUssishkin, David
_eautor
245 1 0 _aBig city, few people:
_bJerusalem in the persian period
_c/ Ussishkin, David
300 _aVolumen 31. Número 4 (2005), páginas 26-35
_c: 28 cm.
773 0 _tBiblical Archaeology Review
_049395
_959452
_gVolumen 31. Número 4 (2005), páginas 26-35
_qPágina 26
942 _cANA